| 000 | 00621nam a2200169Ia 4500 | ||
|---|---|---|---|
| 003 | Sisc | ||
| 005 | 20180130164333.0 | ||
| 008 | 140724s9999 xx 000 0 und d | ||
| 050 |
_aRT 41 _b.Ab117 2011 |
||
| 100 | _aAbalos, Ma Kristine G. | ||
| 245 |
_aPerception of nursing students on bedside conference as a mode for learning in the clinical setting : _ba basis for a proposed guideline / _cMa. Kristine G. Abalos. |
||
| 260 |
_aLas PiƱas, Philippines : _bSouthville International School and Colleges, _cc2011. |
||
| 300 |
_a102 p.: _bcol. ill. ; _c28 cm. |
||
| 521 | _aNursing | ||
| 942 |
_cTH _2lcc |
||
| 999 |
_c228683 _d228683 |
||